000 00770nam a2200253 4500
001 3608814
003 OSt
005 20240318062351.0
008 720329s1972 ke a b 001 0 eng
010 _a 72178470
040 _aDLC
_cDLC
_dDLC
043 _af-ke---
050 0 0 _aS473
_b.K4 1972
082 0 0 _a630/.9676/2
100 1 _aCone, L. Winston,
_d1914-
245 1 4 _aThe history of Kenya agriculture /
_c L. Winston Cone and J. F. Lipscomb.
260 _a[Nairobi, Kenya]
_bUniversity Press of Africa,
_c1972.
300 _a160 p.
_bill.
_c26 cm.
504 _aBibliography: p. 145-154.
650 0 _aAgriculture
_zKenya
_xHistory.
700 1 _aLipscomb, J. F.,
_ejoint author.
906 _a7
_bcbc
_corignew
_d2
_encip
_f19
_gy-gencatlg
942 _2lcc
_cBK
_n0
999 _c15012
_d15012